00274nam a2200109Ia 4500008004100000041000800041082001600049100001200065245003500077260003300112300001900145241028s9999 xx 000 0 und d aeng a650.142 KEN aKennedy aJob Search Letters For Dummies bWiley IndiaaNew Delhic2013 a340;. P. 23 cm